<?xml version="1.0" encoding="UTF-8"?>
<record
    xmlns:xsi="http://www.w3.org/2001/XMLSchema-instance"
    xsi:schemaLocation="http://www.loc.gov/MARC21/slim http://www.loc.gov/standards/marcxml/schema/MARC21slim.xsd"
    xmlns="http://www.loc.gov/MARC21/slim">

  <leader>01199cam a2200289 a 4500</leader>
  <controlfield tag="001">c  68001762 </controlfield>
  <controlfield tag="003">DLC</controlfield>
  <controlfield tag="005">20260227111036.0</controlfield>
  <controlfield tag="008">031106m19609999cc a          000 0 chi  </controlfield>
  <datafield tag="010" ind1=" " ind2=" ">
    <subfield code="a">c  68001762 </subfield>
  </datafield>
  <datafield tag="035" ind1=" " ind2=" ">
    <subfield code="a">(CStRLIN)DCLP03-B16683</subfield>
  </datafield>
  <datafield tag="040" ind1=" " ind2=" ">
    <subfield code="a">DLC</subfield>
    <subfield code="c">DLC-R</subfield>
    <subfield code="d">DLC-R</subfield>
    <subfield code="d">DLC</subfield>
  </datafield>
  <datafield tag="050" ind1="0" ind2="0">
    <subfield code="a">S760.C55</subfield>
    <subfield code="b">N32</subfield>
  </datafield>
  <datafield tag="066" ind1=" " ind2=" ">
    <subfield code="c">$1</subfield>
  </datafield>
  <datafield tag="245" ind1="0" ind2="0">
    <subfield code="6">880-01</subfield>
    <subfield code="a">Nong ye dong li :</subfield>
    <subfield code="b">nong ye ji xie hua zhuan ye gua yong /</subfield>
    <subfield code="c">Nanjing nong xue yuan nong ye ji xie hua fen yuan bian.</subfield>
  </datafield>
  <datafield tag="250" ind1=" " ind2=" ">
    <subfield code="6">880-02</subfield>
    <subfield code="a">Di 1 ban.</subfield>
  </datafield>
  <datafield tag="260" ind1=" " ind2=" ">
    <subfield code="6">880-03</subfield>
    <subfield code="a">Shanghai :</subfield>
    <subfield code="b">Shanghai ke xue ji shu wen xian chu ban she,</subfield>
    <subfield code="c">1960</subfield>
    <subfield code="g">(1962 printing)</subfield>
  </datafield>
  <datafield tag="300" ind1=" " ind2=" ">
    <subfield code="a">v. &lt;1  &gt; :</subfield>
    <subfield code="b">ill. ;</subfield>
    <subfield code="c">26 x 35 cm.</subfield>
  </datafield>
  <datafield tag="500" ind1=" " ind2=" ">
    <subfield code="a">At head of title: Zhong deng nong ye xue xiao shi yong ke shu.</subfield>
  </datafield>
  <datafield tag="500" ind1=" " ind2=" ">
    <subfield code="a">Photocopy.</subfield>
  </datafield>
  <datafield tag="650" ind1=" " ind2="0">
    <subfield code="a">Agricultural machinery</subfield>
    <subfield code="z">China.</subfield>
  </datafield>
  <datafield tag="710" ind1="2" ind2=" ">
    <subfield code="6">880-04</subfield>
    <subfield code="a">Nanjing nong xue yuan.</subfield>
    <subfield code="b">Nong ye ji xie hua fen yuan.</subfield>
  </datafield>
  <datafield tag="880" ind1="0" ind2="0">
    <subfield code="6">245-01/$1</subfield>
    <subfield code="a">&#x519C;&#x4E1A;&#x52A8;&#x529B; :</subfield>
    <subfield code="b">&#x519C;&#x4E1A;&#x673A;&#x68B0;&#x5316;&#x4E13;&#x4E1A;&#x9002;&#x7528; /</subfield>
    <subfield code="c">&#x5357;&#x4EAC;&#x79D1;&#x5B66;&#x9662;&#x519C;&#x4E1A;&#x673A;&#x68B0;&#x5316;&#x5206;&#x9662;</subfield>
  </datafield>
  <datafield tag="880" ind1=" " ind2=" ">
    <subfield code="6">250-02/$1</subfield>
    <subfield code="a">&#x7B2C;1&#x7248;.</subfield>
  </datafield>
  <datafield tag="880" ind1=" " ind2=" ">
    <subfield code="6">260-03/$1</subfield>
    <subfield code="a">&#x4E0A;&#x6D77; :</subfield>
    <subfield code="b">&#x4E0A;&#x6D77;&#x79D1;&#x5B66;&#x6280;&#x672F;&#x6587;&#x732E;&#x51FA;&#x7248;&#x793E;,</subfield>
    <subfield code="c">1960</subfield>
    <subfield code="g">(1962 printing)</subfield>
  </datafield>
  <datafield tag="880" ind1="2" ind2=" ">
    <subfield code="6">710-04/$1</subfield>
    <subfield code="a">&#x5357;&#x4EAC;&#x79D1;&#x5B66;&#x9662;.</subfield>
    <subfield code="b">&#x519C;&#x4E1A;&#x673A;&#x68B0;&#x5316;&#x5206;&#x9662;.</subfield>
  </datafield>
  <datafield tag="999" ind1=" " ind2=" ">
    <subfield code="c">12967</subfield>
    <subfield code="d">12967</subfield>
  </datafield>
</record>
